Представление документа в формате MARC21

Поле Инд. ПП Название Значение
Тип записи a
Библиографический уровень m
001 Контрольный номер 3315e512-410b-4f33-ba3c-e98856ee74ee
005 Дата корректировки 20150803140321.4
008 Кодируемые данные 041216
020 c Цена, тираж 100.00
040 a Служба первич. каталог. НБ ТвГУ
041 0_ a Код языка текста rus
080 a Индекс УДК 94(47).03
084 a Индекс другой классификации/Индекс ББК Т3(2)42-91
a Индекс другой классификации/Индекс ББК Т3(2)42-99
090 a Полочн. индекс Т3(2)42
x Авторский знак Н34
100 1_ a Автор Наумов Петр Антонович
245 00 a Заглавие Об отношениях российских князей к монгольским и татарским ханам, от 1224 по 1480 год
c Ответственность П. Наумов
260 0_ a Место издания СПб.
b Издательство В типографии Департамента народного просвещения
c Дата издания 1823
300 a Объем VI, 83 с.
500 a Примечание Авт. указан в конце предисл. на VI с.
561 1_ a История (примечание) Из коллекции Тверской мужской гимназии
583 a Действие Получение впервые 446 16.12.2004
k Исполнитель действия Взамен утраченных
650 04 a Основная рубрика Россия
x Основная подрубрика История
650 04 a Основная рубрика Монголо-татарское иго
653 0_ a Ключевые слова История России
a Ключевые слова Монголо-татарское иго
852 41 p Инвентарный номер 793974
t Порядковый номер экземпляра 1
x Примечание, не предназначенное для пользователя Твер. муж. гимназия
888 a Бесплатные
952 p 446.2004 100.00 1 793974
c Вид литературы К рн
954 a Дата поступления на обработку 20050728
999 a Подразделение 2 ОРК